Aidit menggugat peristiwa Madiun. (Record no. 65956)

MARC details
000 -LEADER
fixed length control field 00681cam a22002171 4500
001 - CONTROL NUMBER
control field sa 65008931
003 - CONTROL NUMBER IDENTIFIER
control field DLC
005 - DATE AND TIME OF LATEST TRANSACTION
control field 20260227112158.0
008 - FIXED-LENGTH DATA ELEMENTS--GENERAL INFORMATION
fixed length control field 890913s1964 io 000 0 ind
010 ## - LIBRARY OF CONGRESS CONTROL NUMBER
LC control number sa 65008931
035 ## - SYSTEM CONTROL NUMBER
System control number (OCoLC)23537315
040 ## - CATALOGING SOURCE
Original cataloging agency DLC
Transcribing agency MiU
Modifying agency DLC
042 ## - AUTHENTICATION CODE
Authentication code premarc
050 00 - LIBRARY OF CONGRESS CALL NUMBER
Classification number LAW
100 1# - MAIN ENTRY--PERSONAL NAME
Personal name Aidit, D. N.,
Dates associated with a name 1923-1965,
Relator term defendant.
245 10 - TITLE STATEMENT
Title Aidit menggugat peristiwa Madiun.
Remainder of title Pembelaan D. N. Aidit dimuka Pengadilan Negeri Djakarta, tgl. 24 Februari 1955.
250 ## - EDITION STATEMENT
Edition statement Tjet. 4,
Remainder of edition statement disertai lampiran.
260 ## - PUBLICATION, DISTRIBUTION, ETC.
Place of publication, distribution, etc. Djakarta,
Name of publisher, distributor, etc. Jajasan Pembaruan,
Date of publication, distribution, etc. 1964.
300 ## - PHYSICAL DESCRIPTION
Extent 83 p.
Other physical details ports.
Dimensions 18 cm.
610 10 - SUBJECT ADDED ENTRY--CORPORATE NAME
Corporate name or jurisdiction name as entry element Indonesia.
Subordinate unit Pengadilan Negeri.

No items available.

Powered by Koha